ARRUPE JESUIT UNIVERSITY

CORONAVIRUS -STOP THE SPREAD - CLEAN,DISINFECT,COVER

Philosophy, who needs it / (Record no. 123058)

MARC details
000 -LEADER
fixed length control field 00807cam a2200301 a 4500
001 - CONTROL NUMBER
control field 122814
003 - CONTROL NUMBER IDENTIFIER
control field ARRUPE
005 - DATE AND TIME OF LATEST TRANSACTION
control field 20150814140842.0
008 - FIXED-LENGTH DATA ELEMENTS--GENERAL INFORMATION
fixed length control field 821213s1982 inu 001 0 eng
010 ## - LIBRARY OF CONGRESS CONTROL NUMBER
LC control number 82004320
020 ## - INTERNATIONAL STANDARD BOOK NUMBER
International Standard Book Number 0672527251
035 ## - SYSTEM CONTROL NUMBER
System control number (OCoLC)8346296
035 ## - SYSTEM CONTROL NUMBER
System control number (OCoLC)ocm08346296
035 ## - SYSTEM CONTROL NUMBER
System control number (CStRLIN)NYCG82-B65587
035 ## - SYSTEM CONTROL NUMBER
System control number (NNC)122814
040 ## - CATALOGING SOURCE
Transcribing agency Arrupe
050 0# - LIBRARY OF CONGRESS CALL NUMBER
Classification number B29
Item number .R26 1982
082 0# - DEWEY DECIMAL CLASSIFICATION NUMBER
Classification number 100
Edition number 19
090 ## - LOCALLY ASSIGNED LC-TYPE CALL NUMBER (OCLC); LOCAL CALL NUMBER (OCLC)
Classification number (OCLC) (R) ; Classification number, CALL (RLIN) (NR) B29
Local cutter number (OCLC) ; Book number/undivided call number, CALL (RLIN) .R26 1982
300 ## - PHYSICAL DESCRIPTION
Dimensions 24 cm.
100 1# - MAIN ENTRY--PERSONAL NAME
Personal name Rand, Ayn.
9 (RLIN) 7327
245 10 - TITLE STATEMENT
Title Philosophy, who needs it /
Statement of responsibility, etc Ayn Rand ; introduction by Leonard Peikoff.
260 ## - PUBLICATION, DISTRIBUTION, ETC. (IMPRINT)
Place of publication, distribution, etc Indianapolis :
Name of publisher, distributor, etc Bobbs-Merrill,
Date of publication, distribution, etc c1982.
300 ## - PHYSICAL DESCRIPTION
Extent xi, 276 p. ;
500 ## - GENERAL NOTE
General note Includes index.
650 #0 - SUBJECT ADDED ENTRY--TOPICAL TERM
Topical term or geographic name as entry element Philosophy.
9 (RLIN) 18591
942 ## - ADDED ENTRY ELEMENTS (KOHA)
Source of classification or shelving scheme Library of Congress Classification
Koha item type Monograph ( Printed materials)
Holdings
Withdrawn status Lost status Source of classification or shelving scheme Damaged status Not for loan Collection code Home library Current library Shelving location Date acquired Total Checkouts Full call number Barcode Date last seen Price effective from Koha item type
    Library of Congress Classification     Main Collection ARRUPE LIBRARY ARRUPE LIBRARY Main Collection 14/08/2015   B29 .R26 1982 46003004465 14/08/2015 14/08/2015 Monograph ( Printed materials)

 

Arrupe Library. PO Box MP320 Mt Pleasant, Harare, Zimbabwe
263 242 745411|librarian@aju.ac.zw